00382nam a2200133Ia 4500082001200000100002700012245006000039260004200099300001800141650002900159650002600188650001900214710001500233 aTC.0041 aChoudhary, Ram Krishan 0aCaste and power structure: a study of a Haryana village c1986bHari Singh Gaur Vishwavidyalaya a275eC D - 34 aVillageszIndiazHaryana aCastezIndiazHaryana aJatwar village aDube, S.C.